000 01107nam a22002415i#4500
001 160496
003 ES-MaACL
005 20230906212042.0
008 980608m18831889sp |||| | spa d
245 0 0 _aNarración militar de la Guerra Carlista de 1869 a 1876 /
_cpor el Cuerpo de Estado Mayor del Ejército ; publicada por el Depósito de la Guerra.
260 _aMadrid :
_b[s.n.],
_c1883-1889 (
_fImp. y Lit. del Depósito de la Guerra)
300 _a14 v. ;
_c25 cm.
500 _aCompletado con: 'Atlas topográfico de la narración militar de la Guerra Carlista de 1869 a 1876'.
500 _aCompletado con: 'Narración militar de la guerra carlista [Material gráfico]'.
530 _aDisponible en formato digital.
597 _aSignaturizado.
597 _aAntep.
651 4 _aEspaña-
_xHistoria-
_y1833-1876, Guerras carlistas.
_98253
710 1 _aEspaña.
_bCuerpo de Estado Mayor del Ejército.
_9140419
710 1 _aEspaña.
_bDepósito de la Guerra.
_9167579
852 _aES-MaACL
_jG-6617-30
_z- Enc. pasta
856 _uhttp://hdl.handle.net/10357/2423
_zMemoria Digital Vasca
999 _c160496
_d160496